| 000 | 00812nam a2200253 i 4500 | ||
|---|---|---|---|
| 001 | 82218 | ||
| 003 | ES-MaACL | ||
| 005 | 20240426111131.0 | ||
| 007 | t| | ||
| 008 | 041201s2003 sp ||||1| spa d | ||
| 020 | _a84-96136-17-5 | ||
| 080 | _a821.134.3-32"19" | ||
| 100 | 1 |
_aPessoa, Fernando, _d1888-1935 _991451 |
|
| 245 | 1 | 3 |
_aLa hora del diablo / _cFernando Pessoa ; edición y postfacio de Teresa Rita Lopes ; traducción de R. Vilagrassa. |
| 250 | _a1ª ed. | ||
| 260 |
_aBarcelona : _bAcantilado, _c2003. |
||
| 300 |
_a79 p. ; _c18 cm. |
||
| 490 | 1 |
_aCuadernos del Acantilado ; _v1 |
|
| 700 | 1 |
_aLopes, Teresa Rita. _973288 |
|
| 700 | 1 |
_aVilagrassa, Roser. _9183736 |
|
| 830 | 0 |
_aCuadernos del Acantilado ; _v1 _9183737 |
|
| 852 |
_aES-MaACL _jL-28557 |
||
| 999 |
_c82218 _d82218 |
||